The encyclopedia of women's studies : (Record no. 5560)
[ view plain ]
| 000 -LEADER | |
|---|---|
| fixed length control field | 00236nam a2200097Ia 4500 |
| 008 - FIXED-LENGTH DATA ELEMENTS--GENERAL INFORMATION | |
| fixed length control field | 240331s9999 xx 000 0 und d |
| 082 ## - DDC Classification | |
| Class No. | SHA |
| Item Number - Author Mark | 4 |
| 100 ## - MAIN ENTRY--PERSONAL NAME | |
| Personal name | Shah, G.R |
| 245 #4 - TITLE STATEMENT | |
| Title | The encyclopedia of women's studies : |
| Remainder of title | vol.1-2 |
| 942 ## - Koha item type (Biblio) | |
| Koha item type | Books in Stacks (Lending) |
| Lost status | Damaged status | Collection code | Home library | Current library | Shelving location | Date acquired | Full call number | Accession Number | Item type |
|---|---|---|---|---|---|---|---|---|---|
| Lending | WERC Library | WERC Library | Social Science Cupboard | 03/31/2024 | 030.305 4 SHA | 3990 | Books in Stacks (Lending) |
